Menjadi survivor dalam dunia penuh cabaran (Record no. 104319)

MARC details
000 -LEADER
fixed length control field 00753nam a2200253 i 4500
001 - CONTROL NUMBER
control field C2-0300432
003 - CONTROL NUMBER IDENTIFIER
control field PPAK
005 - DATE AND TIME OF LATEST TRANSACTION
control field 20180728081941.0
008 - FIXED-LENGTH DATA ELEMENTS--GENERAL INFORMATION
fixed length control field 091105s2007 my |||| ||||| | may d
020 ## - INTERNATIONAL STANDARD BOOK NUMBER
International Standard Book Number 9789833604043
040 ## - CATALOGING SOURCE
Original cataloging agency PPAK
Language of cataloging eng
Transcribing agency PPAK
Description conventions rda
082 04 - DEWEY DECIMAL CLASSIFICATION NUMBER
Classification number 303.69
Edition number 23
090 00 - LOCALLY ASSIGNED LC-TYPE CALL NUMBER (OCLC); LOCAL CALL NUMBER (RLIN)
Classification number (OCLC) (R) ; Classification number, CALL (RLIN) (NR) 303.69
Feature heading AHM
Feature heading G
100 0# - MAIN ENTRY--PERSONAL NAME
Personal name Ahmadi Haji Baharudin,
Relator term author
245 10 - TITLE STATEMENT
Title Menjadi survivor dalam dunia penuh cabaran
264 #1 - PRODUCTION, PUBLICATION, DISTRIBUTION, MANUFACTURE, AND COPYRIGHT NOTICE
Place of production, publication, distribution, manufacture Kuala Lumpur :
Name of producer, publisher, distributor, manufacturer PTS Millennia ,
Date of production, publication, distribution, manufacture, or copyright notice 2007
300 ## - PHYSICAL DESCRIPTION
Extent xii, 276 pages ;
Dimensions 23 cm
336 ## - CONTENT TYPE
Source rdacontent
Content type term text
337 ## - MEDIA TYPE
Source rdamedia
Media type term unmediated
338 ## - CARRIER TYPE
Source rdacarrier
Carrier type term volume
650 10 - SUBJECT ADDED ENTRY--TOPICAL TERM
Topical term or geographic name entry element Malaysia - Moral conditions. ; Islam and social problems.
700 0# - ADDED ENTRY--PERSONAL NAME
Personal name Khairunisaa Harun,
Relator term editor
942 ## - ADDED ENTRY ELEMENTS (KOHA)
-- dc
Koha item type Book
Holdings
Withdrawn Not for loan Current library Shelving location Date acquired Full call number Barcode Date last seen Koha item type Total Checkouts
    Perpustakaan Alor Setar Pinjaman Dewasa 08/11/2009 303.69 AHM A01322338 09/05/2018 Book  
    PD15, Kg. Naga, Kepala Batas Pinjaman Dewasa 08/09/2015 303.69 AHM A00875882 09/05/2018 Book  
    PD38, KEDA Tanjung Setol, Pendang Pinjaman Dewasa 24/12/2014 303.69 AHM A00872324 09/05/2018 Book